El Mundo de la Gramática : (Record no. 11109)

000 -CABECERA
fixed length control field 01303nam a22002297a 4500
003 - IDENTIFICADOR DEL NÚMERO DE CONTROL
control field AR-CdUCM
008 - DATOS DE LONGITUD FIJA--INFORMACIÓN GENERAL
fixed length control field 190402b ||||| |||| 00| 0 spa d
020 ## - NÚMERO INTERNACIONAL ESTÁNDAR DEL LIBRO
ISBN 84-7764-185-6
040 ## - FUENTE DE LA CATALOGACIÓN
Agencia/entidad que catalogó originalmente la obra MUNICIPALIDAD PROVINCIAL DEL CUSCO
Entidad que transcribió la catalogación BIBLIOTECA MUNICIPAL DEL CUSCO
082 ## - NÚMERO DE LA CLASIFICACIÓN DECIMAL DEWEY
No. de Clasificación ES / 415 /
Notacion interna O28
110 ## - ENTRADA PRINCIPAL--NOMBRE DE ENTIDAD CORPORATIVA
Nombre de la institución, jurisdicción como entrada principal Océano Grupo Editorial
9 (RLIN) 28282
245 ## - MENCIÓN DE TÍTULO
Título El Mundo de la Gramática :
Resto del título Curso teórico - práctico /
260 ## - PUBLICACIÓN, DISTRIBUCIÓN, ETC.
Lugar de publicación, distribución, etc. España :
Nombre de la editorial, distribuidor, etc. Océano ;
Fecha de publicación, distribución, etc. 1988.
300 ## - DESCRIPCIÓN FÍSICA
Nº de Páginas Extensión 84 páginas ;
Otros detalles físicos Fotografías, ilustraciones
Dimensiones 26cm
505 ## - NOTA DE CONTENIDO CON FORMATO
Nota de contenido formateada Contenido: t.1: El lenguaje y la lengua -- El lenguaje y el habla -- Lwngua e idioma -- Lengua culta - lengua vulgar -- El signo lingüístico... t.2: Formación de palabras -- Estudio general del sustantivo -- El adjetivo -- El artículo -- El adverbio... t.3: Estudio general del verbo -- El verbo desde el punto de vista semántico -- La oración -- El verbo y sus modificaciones -- Clasificación de las oraciones... t.4: La oración compuesta -- Oración compuesta por subordinación -- Proposiciones subordinadas adjetivas -- Proposiciones subordinadas adverbiales -- Versificación...
650 ## - PUNTO DE ACCESO ADICIONAL DE MATERIA--TÉRMINO DE MATERIA
Descriptor Gramática
9 (RLIN) 9175
650 ## - PUNTO DE ACCESO ADICIONAL DE MATERIA--TÉRMINO DE MATERIA
Descriptor Educación secundaria
9 (RLIN) 4648
650 ## - PUNTO DE ACCESO ADICIONAL DE MATERIA--TÉRMINO DE MATERIA
Descriptor Lengua
9 (RLIN) 2065
650 ## - PUNTO DE ACCESO ADICIONAL DE MATERIA--TÉRMINO DE MATERIA
Descriptor Lenguajev
9 (RLIN) 28283
942 ## - ELEMENTOS DE PUNTO DE ACCESO ADICIONAL (KOHA)
Fuente de clasificación
Tipo de item Libros-BMC
945 ## - PROCESAMIENTO DE INFORMACIÓN LOCAL (OCLC)
Catalogador nom
Holdings
Estado de retiro (separado) Fuente de clasificación o esquema de estanterías Estado dañado Ubicación Sala donde se ubica Nombre de la colección Fecha de adquisición o compra Costo, precio normal en soles Signatura topográfica Código de Barras Última vez visto (Koha) Tipo de ítem (Koha)
No     Sala de Infantes Sala de Infantes Book Cart 2019-04-02 60.00 ES / 415 / O28 / t.1 SI00000945 2019-04-02 Libros-BMC
No     Sala de Infantes Sala de Infantes Book Cart 2019-04-02 60.00 ES / 415 / O28 / t.2 SI00000946 2019-04-02 Libros-BMC
No     Sala de Infantes Sala de Infantes Book Cart 2019-04-02 60.00 ES / 415 / O28 / t.3 SI00000947 2019-04-02 Libros-BMC
No     Sala de Infantes Sala de Infantes Book Cart 2019-04-02 60.00 ES / 415 / O28 / t.4 SI00000948 2019-04-02 Libros-BMC

Powered by Koha